One Piece Characters by Bounty - 2026 - Statistics

General Stats
  • This quiz has been taken 50 times
    21 since last reset
  • The average score is 125 of 197
Answer Stats
Bounty Character % Correct
1,659,000,000 | 80,000,000 Boa Hancock
100%
383,000,000 | 83,000,000 Brook "Soul King"
100%
33,000,000 Brook "Soul King
100%
860,000,000 Charlotte Cracker
100%
4,388,000,000 | 50,000,000 | 500,000,000 Charlotte Linlin "Big Mom"
100%
26,000,000 Demalo Black
100%
3,590,000,000 Dracule Mihawk "Hawkeye"
100%
5,046,000,000 Edward Newgate "Whitebeard"
100%
3,000,000,000 | 315,000,000 | 470,000,000 Eustass Kidd "Captain"
100%
5,564,800,000 Gol D. Roger
100%
1,100,000,000 | 250,000,000 | 438,000,000 | 76,000,000 Jinbe "Knight of the Sea"
100%
4,611,100,000 | 70,000,000 Kaidou
100%
2,247,600,000 | 3,996,000,000 Marshall D. Teach "Blackbeard"
100%
1,500,000,000 | 100,000,000 | 3,000,000,000 | +4 others Monkey D. Luffy
100%
366,000,000 | 66,000,000 Nami "Cat Burgaler"
100%
130,000,000 | 79,000,000 | 80,000,000 | 930,000,000 Nico Robin
100%
100,000,000 | 550,000,000 Portgas D. Ace
100%
1,111,000,000 | 120,000,000 | 320,000,000 | 60,000,000 Roronoa Zoro
100%
1,040,000,000 | 4,048,900,000 Shanks "Red Hair"
100%
1,000 | 50 | 100 Tony Tony Chopper
100%
200,000,000 | 3,000,000,000 | 440,000,000 | 500,000,000 Trafalgar D. Water Law
100%
1,390,000,000 Arber "King"
93%
20,000,000 Arlong
93%
15,000,000 | 3,189,000,000 Buggy
93%
1,057,000,000 Charlotte Katakuri
93%
1,965,000,000 | 81,000,000 Crocodile
93%
340,000,000 Donquixote Doflamingo
93%
394,000,000 | 94,000,000 Franky
93%
2,600,000,000 Loki
93%
1,374,000,000 Marco
93%
602,000,000 Sabo
93%
1,320,000,000 Scien "Queen"
93%
200,000,000 | 30,000,000 | 500,000,000 Usopp "God Usopp"
93%
1,032,000,000 | 177,000,000 | 330,000,000 | 77,000,000 Vinsmoke Sanji "Black Leg"
93%
320,000,000 Gecko Moria
86%
140,000,000 | 320,000,000 Jewelry Bonney
86%
296,000,000 Bartholomew Kuma
79%
1,500 | 500 Bepo
79%
1,800,000,000 | 100,000,000 Broggy
79%
932,000,000 Charlotte Smoothie
79%
1,800,000,000 | 100,000,000 Dorry
79%
1,000,000,000 Jack
79%
162,000,000 | 200,000,000 Killer
79%
5,000,000 Alvida "Iron Mace"
71%
17,000,000 Don Krieg
71%
198,000,000 | 350,000,000 Scratchmen Apoo
71%
108,000,000 Urouge "Mad Monk"
71%
249,000,000 | 320,000,000 Basil Hawkins
64%
195,000,000 | 55,000,000 Bellamy
64%
480,000,000 Black Maria
64%
99,000,000 Diamante
64%
12,000,000 Gin
64%
16,000,000 Kuro "Man of the Thousand Plans"
64%
400,000,000 Ulti
64%
546,000,000 Who's-Who
64%
222,000,000 X Drake
64%
150,000,000 | 200,000,000 Bartolomeo
57%
138,000,000 | 300,000,000 | 350,000,000 Capone Bege "Gang"
57%
300,000,000 Charlotte Daifuku
57%
300,000,000 Charlotte Oven
57%
700,000,000 Charlotte Perospero
57%
600,000,000 Charlotte Snack
57%
480,000,000 Edward Weevil
57%
20,000,000 Jesus Burgess
57%
290,000,000 Page One
57%
99,000,000 Trebol
57%
457,000,000 Belo Betty
50%
32,000,000 Bentham "Mr. 2" "Bon Clay"
50%
40,000,000 Boa Marigold
50%
300,000,000 Caesar Clown
50%
210,000,000 Caribou
50%
80,060,000 Chadros Higelyges "Brownbeard"
50%
75,000,000 Daz Bones "Mr. 1"
50%
72,000,000 Doc Q
50%
24,000,000 Foxy "Silver Fox"
50%
24,000,000 Galdino "Mr. 3"
50%
99,000,000 Pica
50%
472,000,000 Sasaki
50%
58,000,000 Senor Pink
50%
3,200,000 Babe "Mr. 4"
43%
40,000,000 Boa Sandersonia
43%
280,000,000 | 330,000,000 Cavendish
43%
120,000,000 Charlotte Mont-d'Or
43%
190,000,000 Coribou
43%
230,000,000 Fisher Tiger
43%
10,000,000 Gem "Mr. 5"
43%
8,000,000 Hatchan
43%
8,000,000 Higuma
43%
510,000,000 Izou
43%
9,000,000 Jango "The Hypnotist"
43%
400,000,000 Karasu
43%
42,200,000 Laffitte
43%
293,000,000 Morley
43%
52,000,000 Peachbeard
43%
64,000,000 Van Augur
43%
24,000,000 Charlotte Lola
36%
5,500,000 Chew
36%
7,800,000 Curly Dadan
36%
15,000,000 Dellinger
36%
542,000,000 Don Chinjao
36%
31,000,000 Gladius
36%
61,000,000 Lao G
36%
20,000,000 Rock (Yeti)
36%
210,000,000 Sai
36%
14,300,000 Bluejam
29%
7,000,000 Buchi
29%
429,000,000 Charlotte Tamago
29%
316,000,000 Lindbergh
29%
550,000,000 Little Oars Junior
29%
148,000,000 Orlumbus
29%
382,000,000 Pedro
29%
330,000,000 Pekoms
29%
94,000,000 Rockstar
29%
35,000,000 Zala "Ms. Doublefinger"
29%
105,500,000 Charlotte Bobbin
21%
14,000,000 Drophy "Ms. Merry Christmas"
21%
67,000,000 Gambia
21%
9,000,000 Kuroobi
21%
11,000,000 Machvise
21%
29,000,000 Marianne "Ms. Golden Week"
21%
23,000,000 Masira
21%
25,000,000 Mont Blanc Cricket
21%
79,000,000 Nico Olvia
21%
3,333,333 Pandaman
21%
20,000,000 Scotch (Yeti)
21%
7,000,000 Sham
21%
36,000,000 Shoujou
21%
210,000,000 Squard
21%
67,000,000 Suleiman
21%
88,000,000 Lip Doughty
14%
1,000,000 Mikio Itoo
14%
7,500,000 Mikita "Ms. Valentine"
14%
3,400,000 Porchemy
14%
92,000,000 Albion
7%
36,000,000 Bobby Funk
7%
60,000,000 Devil Dias
7%
90,000,000 Gotti
7%
73,000,000 Gyro
7%
57,000,000 Kelly Funk
7%
17,000,000 Lacuba
7%
36,000,000 Mikazuki
7%
75,000,000 Raccoon
7%
42,000,000 Roshio
7%
38,000,000 Sarquiss
7%
95,000,000 Vito
7%
10,000,000 Wellington
7%
No matching quizzes found
Score Distribution
Percent of People with Each Score
Percentile by Number Answered
Your Score History
You have not taken this quiz since the last reset